| 000 | 01099cam a22003011i 4500 | ||
|---|---|---|---|
| 001 | 10312287 | ||
| 003 | EG-ScBUE | ||
| 005 | 20240626092157.0 | ||
| 008 | 741024s1962 nyua f b 001 0 eng d | ||
| 035 | _a(OCoLC)1051608 | ||
| 040 |
_aDLC _beng _erda _cTxU-Da _dOCoLC _dDLC _dEG-ScBUE |
||
| 043 | _af-ua--- | ||
| 082 | 0 | 4 |
_a962.03 _222 _bHER |
| 100 | 1 |
_aHerold, J. Christopher, _eauthor. _99427 |
|
| 245 | 1 | 0 |
_aBonaparte in Egypt/ _cby J. Christopher Herold. |
| 264 | 1 |
_aNew York : _bHarper & Row Publishers, _c1962. |
|
| 300 |
_a424 pages : _billustrations ; _c25 cm |
||
| 336 |
_2rdacontent _atext _btxt |
||
| 337 |
_aunmediated _2rdamedia _bn |
||
| 338 |
_avolume _bnc _2rdacarrier |
||
| 504 | _aIncludes bibliographical references and index. | ||
| 600 | 0 | 7 |
_aNapoleon _bI, _cEmperor of the French, _d1769-1821 _xMilitary leadership. _2BUEsh _99428 |
| 650 | 7 |
_aSecond Coalition, War of the, 1798-1801 _xCampaigns _zEgypt. _2BUEsh _99429 |
|
| 651 | 7 |
_aEgypt _xHistory _yFrench occupation, 1798-1801. _2BUEsh _99430 |
|
| 655 | _vReading book | ||
| 942 |
_2ddc _cBB |
||
| 999 |
_c12930 _d12930 |
||